|
|
|
|
| LEADER |
01081pam a22003258a 4500 |
| 001 |
00035930 |
| 005 |
20171026081025.0 |
| 008 |
170105s2015 ||||||viesd |
| 020 |
# |
# |
|a 9786046510703
|c 79000
|
| 041 |
0 |
# |
|a vie
|
| 082 |
1 |
4 |
|a 153.6
|b M558M
|
| 100 |
1 |
# |
|a Ladernman, Michelle Tillis
|
| 245 |
1 |
0 |
|a 11 bí quyết giao tiếp để thành công
|c Mechelle Tillis Lederman; Thảo Nguyên (dịch)
|
| 260 |
# |
# |
|a Hà Nội
|b Lao động xã hội; Công ty Cổ phần sách Alpha
|c 2015
|
| 300 |
# |
# |
|a 283 tr.
|c 21 cm.
|
| 500 |
# |
# |
|a Nguyên bản: 11 laws of likability: Relationship Networking....
|
| 653 |
# |
# |
|a Bí quyết
|
| 653 |
# |
# |
|a Thành công
|
| 653 |
# |
# |
|a Kỹ năng sống
|
| 653 |
# |
# |
|a Giao tiếp
|
| 700 |
1 |
# |
|a Thảo, Nguyên
|e Dịch
|
| 852 |
# |
# |
|b Kho đọc
|j KD.0019372
|
| 852 |
# |
# |
|j KM.0020418
|b Kho mượn
|
| 852 |
# |
# |
|j KD.0019372
|j KM.0020418
|
| 910 |
|
|
|d 05/01/2017
|
| 980 |
# |
# |
|a Trung tâm Học liệu Lê Vũ Hùng, Trường Đại học Đồng Tháp
|